[Event "East Detroit (MCO/2/23)"]
[Site "?"]
[Date "1985.??.??"]
[Round "?"]
[White "Garth, K.."]
[Black "Finegold, Ben"]
[Result "0-1"]
[WhiteElo "1655"]
[BlackElo "2330"]
[PlyCount "76"]
[EventDate "1985.??.??"]

{2/(23)} 1. c4 e5 2. Nc3 d6 3. e4 c5 4. d3 Nc6 5. g3 g6 6. Bg2 Bg7 7. Nge2 Nh6
8. Bd2 O-O 9. h3 f5 10. Qc1 Nb4 11. Qb1 fxe4 12. Nxe4 Nf5 13. a3 Nc6 14. Ng5
Nfd4 15. Bd5+ Kh8 16. Nf7+ Rxf7 17. Bxf7 Nxe2 18. Kxe2 Nd4+ 19. Kf1 Nb3 20. Qd1
Nxa1 21. Qxa1 Bf5 22. Ke2 e4 23. dxe4 Bxe4 24. f3 Bxf3+ 25. Kxf3 Qf6+ 26. Kg2
Qxf7 27. Qc1 Qf5 28. Bc3 Qe4+ 29. Kh2 Rf8 30. Bxg7+ Kxg7 31. Qc3+ Kg8 32. Qd2
Qxc4 33. Rc1 Qf7 34. Qxd6 Qf2+ 35. Kh1 Qf3+ 36. Kh2 Qe2+ 37. Kh1 Qe4+ 38. Kg1
Qe3+ 0-1

[Event "East Detroit (MCO/5/37)"]
[Site "?"]
[Date "1985.??.??"]
[Round "?"]
[White "Garth, K.."]
[Black "Dmuchowski, Frank"]
[Result "0-1"]
[WhiteElo "1655"]
[BlackElo "1605"]
[PlyCount "96"]
[EventDate "1985.??.??"]

{5/(37)} 1. c4 Nf6 2. Nc3 c5 3. Nf3 Nc6 4. g3 g6 5. Bg2 Bg7 6. O-O O-O 7. b3 b6
8. Bb2 Bb7 9. e3 a6 10. d4 Na7 11. Qe2 Rb8 12. d5 d6 13. e4 e5 14. dxe6 fxe6
15. Ng5 Re8 16. Rae1 e5 17. Bc1 Bc8 18. Qd3 h6 19. Nf3 Bf8 20. Nh4 Kg7 21. f4
Nc6 22. f5 Nb4 23. Qe2 Be7 24. Nxg6 Ng8 25. a3 Nc6 26. Qg4 Bg5 27. h4 Nf6 28.
Qf3 Nd4 29. Qd3 Bxc1 30. Rxc1 Nxb3 31. Rc2 Nd4 32. Rcf2 b5 33. Bh3 b4 34. Nd5
bxa3 35. Qxa3 Rb3 36. Qc1 Rxg3+ 37. Kh2 Nxe4 38. Rg2 Rxg2+ 39. Bxg2 Nf6 40. Rg1
Bxf5 41. Be4 Ng4+ 42. Rxg4 Bxg4 43. Qb2 Bf5 44. Qb7+ Qd7 45. Nc7 Kxg6 46. Nxe8
Qxe8 47. Bd5 e4 48. h5+ Kf6 0-1

[Event "East Detroit (MCO/1/32)"]
[Site "?"]
[Date "1985.??.??"]
[Round "?"]
[White "Galazyn, R.."]
[Black "Selitsky, B.."]
[Result "0-1"]
[WhiteElo "1605"]
[BlackElo "1875"]
[PlyCount "56"]
[EventDate "1985.??.??"]

{1/(32)} 1. d4 d5 2. c4 e6 3. cxd5 exd5 4. e3 Nf6 5. Nc3 Bf5 6. Nf3 c6 7. g3
Be7 8. Bg2 O-O 9. O-O Qd7 10. a3 Bh3 11. Bxh3 Qxh3 12. Ne5 Nbd7 13. f4 c5 14.
Nxd7 Qxd7 15. dxc5 Bxc5 16. b4 Be7 17. Bb2 a5 18. bxa5 Rxa5 19. Qd4 Bc5 20. Qd2
Ng4 21. Nd1 Ra6 22. Kg2 Rh6 23. h3 Rxh3 24. Kxh3 Nxe3+ 25. f5 Nxf1 26. Qf4 Nxg3
27. Kxg3 d4 28. Rc1 Bd6 0-1

[Event "East Detroit (MCO/3/29)"]
[Site "?"]
[Date "1985.??.??"]
[Round "?"]
[White "Galazyn, R.."]
[Black "Goldman, S.."]
[Result "0-1"]
[WhiteElo "1605"]
[BlackElo "1830"]
[PlyCount "88"]
[EventDate "1985.??.??"]

{3/(29)} 1. d4 f5 2. e3 b6 3. Nf3 e6 4. Nbd2 Bb7 5. g3 Nf6 6. Bg2 Be7 7. O-O
O-O 8. c4 Qe8 9. a3 a5 10. Re1 Qh5 11. Ne5 Bxg2 12. Kxg2 Qxd1 13. Rxd1 d6 14.
Nd3 Nc6 15. b3 Nd7 16. Nf4 Nd8 17. Nf3 g5 18. Nd3 Bf6 19. Bb2 Nf7 20. b4 e5 21.
dxe5 Ndxe5 22. Ndxe5 Nxe5 23. Nxe5 Bxe5 24. Bxe5 dxe5 25. b5 Rad8 26. Rd5 Rxd5
27. cxd5 Rd8 28. Rd1 e4 29. f4 g4 30. Rd4 Kf7 31. Kf2 Ke7 32. Ke2 Kd6 33. Kd2
Kc5 34. Kc3 Kxb5 35. Rc4 Rxd5 36. a4+ Ka6 37. Rxc7 Rd3+ 38. Kc4 Rxe3 39. Rxh7
Ra3 40. Rh5 Rxa4+ 41. Kd5 e3 42. Rxf5 Re4 43. Kxe4 e2 44. Rxa5+ Kxa5 0-1

[Event "East Detroit (MCO/5/40)"]
[Site "?"]
[Date "1985.??.??"]
[Round "?"]
[White "Galazyn, R.."]
[Black "Atkinson, H.."]
[Result "0-1"]
[WhiteElo "1605"]
[BlackElo "1665"]
[PlyCount "152"]
[EventDate "1985.??.??"]

{5/(40)} 1. e4 g6 2. d4 d6 3. Nf3 Bg7 4. c3 Nd7 5. Be2 Ngf6 6. Nbd2 O-O 7. O-O
c5 8. d5 Nb6 9. c4 Bd7 10. Rb1 a5 11. Bd3 Nh5 12. g3 Qc7 13. Re1 a4 14. b3 axb3
15. axb3 Ra7 16. Bb2 Bxb2 17. Rxb2 Rfa8 18. Qc2 f6 19. Reb1 Ng7 20. Nh4 Rf8 21.
f4 Qc8 22. Ndf3 Bg4 23. Kf2 Ra3 24. Re1 Nd7 25. Ra2 Rxa2 26. Qxa2 Qa8 27. Ra1
Qxa2+ 28. Rxa2 Nb6 29. Ra7 Bc8 30. Ke3 Ne8 31. e5 Nc7 32. Ra5 Na6 33. e6 Nb4
34. Bb1 N6xd5+ 35. cxd5 Nxd5+ 36. Kf2 Bxe6 37. Be4 Rb8 38. Bxd5 Bxd5 39. Nd2 b5
40. Nhf3 Kf7 41. Ne1 b4 42. Nd3 Bxb3 43. Nxc5 dxc5 44. Nxb3 c4 45. Nd4 Rb6 46.
Ke3 b3 47. Ra1 c3 48. Kd3 c2 49. Re1 e5 50. fxe5 fxe5 51. Nxc2 bxc2 52. Kxc2
Ke6 53. Re3 Rd6 54. h3 Kf5 55. Kc3 e4 56. Kc4 h5 57. Ra3 g5 58. Ra5+ Kg6 59.
Re5 Rd3 60. g4 Rxh3 61. gxh5+ Kxh5 62. Kd4 Rf3 63. Kxe4 Rf4+ 64. Ke3 Kg4 65.
Re8 Kg3 66. Rg8 g4 67. Rh8 Rf3+ 68. Ke2 Kg2 69. Rh4 g3 70. Rh8 Rf2+ 71. Ke3 Kg1
72. Ra8 g2 73. Ra1+ Rf1 74. Ra7 Rf6 75. Ra1+ Kh2 76. Ra2 Kh1 0-1

[Event "East Detroit (MCO/5/18)"]
[Site "?"]
[Date "1985.??.??"]
[Round "?"]
[White "Gaines, B.."]
[Black "Gipson, John"]
[Result "0-1"]
[WhiteElo "1695"]
[BlackElo "1930"]
[PlyCount "66"]
[EventDate "1985.??.??"]

{5/(18)} 1. e4 e6 2. d4 d5 3. Nc3 Nf6 4. Bg5 Be7 5. e5 Nfd7 6. h4 a6 7. Bd3 c5
8. Qg4 Bxg5 9. hxg5 cxd4 10. g6 f5 11. exf6 Nxf6 12. Qxd4 Nc6 13. Qf4 e5 14.
Qg5 h6 15. Rxh6 Rxh6 16. O-O-O Be6 17. Nge2 Ng4 18. Qxd8+ Rxd8 19. Ng3 Nxf2 20.
Bf5 Bxf5 21. Nxf5 Nxd1 22. Nxh6 gxh6 23. Nxd1 Rd6 24. g7 Rg6 25. Ne3 Rxg7 26.
Nxd5 Rxg2 27. b3 Kf7 28. Ne3 Rg5 29. Kd2 h5 30. Ke2 h4 31. Kf2 h3 32. Nf1 Rg2+
33. Kf3 e4+ 0-1

[Event "East Detroit (MCO/3/40)"]
[Site "?"]
[Date "1985.??.??"]
[Round "?"]
[White "Gaines, B.."]
[Black "Fletcher, G.."]
[Result "1-0"]
[WhiteElo "1695"]
[BlackElo "1605"]
[PlyCount "53"]
[EventDate "1985.??.??"]

{3/(40)} 1. c4 c5 2. Nc3 Nc6 3. Nf3 e5 4. g3 Nf6 5. d3 g6 6. Bg2 Bg7 7. O-O O-O
8. e3 d6 9. a3 Be6 10. Ng5 Bg4 11. Qc2 Qd7 12. h3 Be6 13. Bd2 Rad8 14. Nd5 Bxd5
15. cxd5 Ne7 16. e4 h6 17. Nf3 Nh7 18. Qc1 h5 19. Bh6 b6 20. Bxg7 Kxg7 21. h4
Qg4 22. Qc3 f5 23. Nxe5 dxe5 24. Qxe5+ Kf7 25. f3 Nc6 26. Qe6+ Kg7 27. fxg4 1-0

[Event "East Lansing (MI Op/5/31)"]
[Site "?"]
[Date "1985.??.??"]
[Round "?"]
[White "Gaba, H.."]
[Black "Thurman, John"]
[Result "0-1"]
[WhiteElo "1825"]
[BlackElo "1805"]
[PlyCount "120"]
[EventDate "1985.??.??"]

{5/(31)} 1. e4 c5 2. f4 d6 3. Nf3 Nc6 4. Bc4 e6 5. O-O Nf6 6. d3 g6 7. a3 Bg7
8. Nc3 Bd7 9. Bd2 O-O 10. Rb1 a6 11. Be1 b5 12. Ba2 b4 13. Ne2 a5 14. h3 h5 15.
Bf2 Nh7 16. e5 dxe5 17. Bxc5 Re8 18. fxe5 bxa3 19. Bxa3 Nxe5 20. d4 Nxf3+ 21.
Rxf3 Bc6 22. Rf1 Qg5 23. Rf2 Red8 24. Qc1 Bxd4 25. Nxd4 Rxd4 26. Qxg5 Nxg5 27.
Rbf1 Rd7 28. Re1 Ne4 29. Rfe2 Ng3 30. Rf2 Rad8 31. h4 Rd1 32. Kh2 Rxe1 33. Kxg3
Rd4 34. Be7 Rh1 35. Rf4 Rd2 36. Rf2 Rxf2 37. Kxf2 Rh2 38. Ke3 Rxg2 39. Bf6 Rxc2
40. Bb3 Rc5 41. Be7 Rf5 42. Bc2 Rf3+ 43. Ke2 f6 44. Bxg6 Kg7 45. Bxh5 Rf4 46.
Ke3 Rxh4 47. Bd1 a4 48. Ba3 e5 49. Kf2 f5 50. Be7 Rh2+ 51. Ke3 f4+ 52. Kd3 e4+
53. Kc3 f3 54. Bd6 Rg2 55. Be5+ Kg6 56. Bd4 f2 57. Be2 Rg3+ 58. Kd2 Rf3 59. Bf1
Bd7 60. Bc5 Kg5 0-1

[Event "Westland (SEMO/1b/6)"]
[Site "?"]
[Date "1985.??.??"]
[Round "?"]
[White "Gaba, H.."]
[Black "Rawley, L.."]
[Result "0-1"]
[WhiteElo "1825"]
[BlackElo "2220"]
[PlyCount "84"]
[EventDate "1985.??.??"]

1. d4 f5 2. c4 Nf6 3. Nc3 e6 4. Nf3 Bb4 5. e3 O-O 6. Bd3 Ne4 7. Qc2 d5 8. O-O
c6 9. Ne5 Nd7 10. Nxd7 Bxd7 11. f3 Nf6 12. c5 Be8 13. a3 Ba5 14. Bd2 Bc7 15.
Be1 Qb8 16. f4 g5 17. g3 Ng4 18. Qd2 Qd8 19. Be2 h5 20. b4 Qe7 21. Ra2 Qg7 22.
Kh1 Rf6 23. h3 Rh6 24. Kg2 Nf6 25. fxg5 Qxg5 26. h4 Qg7 27. Kh3 e5 28. Rg1 Bd7
29. Kh2 Rg6 30. Bd1 Re8 31. Qg2 exd4 32. Ne2 Ng4+ 33. Kh1 Nxe3 34. Qf3 Nxd1 35.
Nf4 Bxf4 36. Qxd1 Rg4 37. Rag2 Be3 38. Rf1 f4 39. Qf3 Bf5 40. Kh2 Be4 41. Qe2
d3 42. Qd1 Rxh4+ 0-1

[Event "Westland (SEMO/3/19)"]
[Site "?"]
[Date "1985.??.??"]
[Round "?"]
[White "Gaba, H.."]
[Black "Nikolovski, Oliver"]
[Result "1-0"]
[WhiteElo "1825"]
[BlackElo "1960"]
[PlyCount "106"]
[EventDate "1985.??.??"]

{3/(19)} 1. d4 Nf6 2. c4 e6 3. Nf3 d5 4. Nc3 c6 5. e3 Bd6 6. h3 Nbd7 7. a3 a5
8. c5 Bc7 9. Bd2 e5 10. b4 e4 11. Ng1 O-O 12. b5 cxb5 13. Nxb5 Bb8 14. a4 Re8
15. Qc2 Re6 16. O-O-O Nf8 17. Ne2 Bd7 18. Nf4 Bxf4 19. exf4 b6 20. Kb1 bxc5 21.
dxc5 Rb8 22. Ka1 Qc8 23. Be3 Bc6 24. Be2 Re7 25. g4 Ne8 26. Rb1 Reb7 27. Bd4 f6
28. f5 Nd7 29. Qc3 Qd8 30. Rhe1 Qe7 31. f4 Qd8 32. Rb2 Nc7 33. Reb1 Na6 34. g5
Nb4 35. gxf6 Nxf6 36. Be5 Ra8 37. Rg1 Kh8 38. Nd4 Bd7 39. Bb5 Nd3 40. Bxd3 Rxb2
41. Qxb2 exd3 42. c6 Bc8 43. Nb5 Ra6 44. Nd6 Qb6 45. Qxb6 Rxb6 46. Nxc8 Rxc6
47. Nd6 d2 48. Kb2 Nh5 49. Rd1 Rb6+ 50. Nb5 Ng3 51. Rxd2 Nxf5 52. Rxd5 h6 53.
Kb3 Rc6 1-0

[Event "East Detroit (MCO/4/16)"]
[Site "?"]
[Date "1985.??.??"]
[Round "?"]
[White "Gaba, H.."]
[Black "Moody, David"]
[Result "0-1"]
[WhiteElo "1800"]
[BlackElo "2010"]
[PlyCount "90"]
[EventDate "1985.??.??"]

{4/(16)} 1. d4 Nf6 2. Nf3 g6 3. e3 Bg7 4. c4 c5 5. Nc3 O-O 6. Be2 b6 7. O-O d6
8. d5 e6 9. e4 exd5 10. cxd5 Re8 11. Qc2 Bg4 12. h3 Bxf3 13. Bxf3 a6 14. Bg5 b5
15. a3 Nbd7 16. Rfe1 Ne5 17. Qd1 Qc7 18. Rc1 Nxf3+ 19. Qxf3 Nd7 20. Bf4 Ne5 21.
Bxe5 Bxe5 22. Nd1 Qa5 23. Nc3 b4 24. axb4 cxb4 25. Ne2 Bxb2 26. Rb1 Qa3 27. Qf4
Be5 28. Qd2 a5 29. Rec1 Rac8 30. f4 Rxc1+ 31. Rxc1 Bg7 32. e5 dxe5 33. d6 exf4
34. d7 Rd8 35. Rc8 Bf6 36. Qxf4 Kg7 37. Rxd8 Qa1+ 38. Kf2 Bxd8 39. Nd4 Qa2+ 40.
Kf1 Qc4+ 41. Kg1 Qd5 42. Kh1 Qxd7 43. Qe4 Bf6 44. Nc6 Qd1+ 45. Kh2 b3 0-1

[Event "East Lansing (MI Op/1b/22)"]
[Site "?"]
[Date "1985.??.??"]
[Round "?"]
[White "Gaba, H.."]
[Black "Lahr, Fred"]
[Result "1-0"]
[WhiteElo "1825"]
[BlackElo "1605"]
[PlyCount "105"]
[EventDate "1985.??.??"]

1. c4 Nf6 2. Nf3 g6 3. Nc3 c5 4. d4 cxd4 5. Nxd4 d6 6. e4 Nc6 7. Nxc6 bxc6 8.
Be2 Qc7 9. O-O Bb7 10. Bf3 Bg7 11. Re1 Nd7 12. Rb1 a5 13. a3 Ne5 14. Be2 O-O
15. Be3 c5 16. Nd5 Bxd5 17. cxd5 Rfb8 18. Qc1 a4 19. f4 Nd7 20. e5 dxe5 21. Bf3
Qd6 22. fxe5 Bxe5 23. h3 Rb5 24. Bg5 Nf6 25. Be2 Rb3 26. Bc4 Bd4+ 27. Be3 Bxe3+
28. Rxe3 Rxe3 29. Qxe3 Nxd5 30. Qf3 e6 31. Rf1 Ra7 32. Qf2 Nb6 33. Be2 Qd4 34.
Rc1 Qxb2 35. Qxc5 Qxe2 36. Qxb6 Ra6 37. Qd8+ Kg7 38. Rf1 Qb2 39. Qd3 Qb6+ 40.
Kh1 Qd6 41. Qf3 f5 42. Qb7+ Kh6 43. Qb2 e5 44. Qc1+ Kg7 45. Rd1 Qe7 46. Rd5 e4
47. Qd1 Kh6 48. Qd4 e3 49. Re5 Re6 50. Qxe3+ Qg5 51. Qxg5+ Kxg5 52. Rxe6 Kf4
53. Ra6 1-0

[Event "Westland (SEMO/5/15)"]
[Site "?"]
[Date "1985.??.??"]
[Round "?"]
[White "Gaba, H.."]
[Black "Burg, Dan"]
[Result "1/2-1/2"]
[WhiteElo "1825"]
[BlackElo "1930"]
[PlyCount "36"]
[EventDate "1985.??.??"]

{5/(15)} 1. d4 f5 2. Nf3 Nf6 3. c4 g6 4. Nc3 Bg7 5. Qc2 O-O 6. e3 d6 7. Bd3
Nbd7 8. O-O e5 9. e4 fxe4 10. Nxe4 Nxe4 11. Bxe4 exd4 12. Bg5 Qe8 13. Rfe1 Ne5
14. Nxd4 Bf6 15. Bh6 Bg7 16. Bg5 Bf6 17. Bh6 Bg7 18. Bg5 Bf6 1/2-1/2

[Event "East Lansing (MI Op/7/24)"]
[Site "?"]
[Date "1985.??.??"]
[Round "?"]
[White "Gaba, H.."]
[Black "Brattin, Vincent"]
[Result "0-1"]
[WhiteElo "1825"]
[BlackElo "1890"]
[PlyCount "160"]
[EventDate "1985.??.??"]

{7/(24)} 1. d4 c6 2. Nf3 d5 3. g3 g6 4. Bg2 Bg7 5. c3 Nf6 6. O-O O-O 7. Nbd2
Ne4 8. Qb3 f5 9. Ne5 Kh8 10. f4 b6 11. Qd1 Bb7 12. Qe1 Nd7 13. Rb1 c5 14. Nxe4
dxe4 15. e3 Qc7 16. Bd2 e6 17. h3 Ba6 18. Rf2 Nf6 19. Kh2 Nd5 20. Bf1 Bxf1 21.
Rxf1 cxd4 22. cxd4 Bxe5 23. fxe5 Qc2 24. Rf2 Rfc8 25. Bc3 Qd3 26. Rd1 Qxe3 27.
Qxe3 Nxe3 28. Rc1 Nd5 29. Rfc2 Rc7 30. Bd2 Rac8 31. Rxc7 Rxc7 32. Rxc7 Nxc7 33.
Kg2 Nd5 34. Kf2 Kg7 35. Ke2 h6 36. h4 g5 37. hxg5 hxg5 38. Bxg5 Kg6 39. Bd2 Kh5
40. Kf2 Kg4 41. a3 Ne7 42. a4 Ng6 43. b4 f4 44. gxf4 Nxf4 45. Ke3 Kf5 46. a5
Nd5+ 47. Ke2 e3 48. axb6 axb6 49. Bxe3 Ke4 50. Bg1 Nxb4 51. Kd2 Nd5 52. Kc2 Nf4
53. Kd2 b5 54. Bh2 Ng2 55. d5 Kxd5 56. Kc3 Nh4 57. Kb4 Nf3 58. Bf4 Ke4 59. Bg3
Nd4 60. Bh2 Kd5 61. Bg3 Kc6 62. Bh2 Nf5 63. Bf4 Ne7 64. Bg3 Nd5+ 65. Kb3 Kb6
66. Bf2+ Ka5 67. Bh4 b4 68. Bg5 Kb5 69. Bh4 Nf4 70. Be7 Nd3 71. Bd6 Nc5+ 72.
Kc2 Kc4 73. Bf8 Nd3 74. Bd6 b3+ 75. Kb1 Kc3 76. Bc7 b2 77. Ba5+ Kb3 78. Bc7 Nc5
79. Bb6 Na4 80. Bd4 Nc3+ 0-1

[Event "East Lansing (MI Op/2/11)"]
[Site "?"]
[Date "1985.??.??"]
[Round "?"]
[White "Gaba, H.."]
[Black "Bagherabadi, Mohammed"]
[Result "0-1"]
[WhiteElo "1825"]
[BlackElo "2085"]
[PlyCount "78"]
[EventDate "1985.??.??"]

{2/(11)} 1. c4 e5 2. Nc3 Nf6 3. e4 Bb4 4. Nf3 Bxc3 5. bxc3 O-O 6. d3 d6 7. Be2
Nc6 8. O-O b6 9. Ne1 Nd7 10. Nc2 f5 11. exf5 Rxf5 12. Ne3 Rf7 13. Nd5 Nf6 14.
Bg5 h6 15. Nxf6+ gxf6 16. Bxh6 Rh7 17. Qd2 Ne7 18. Bf3 c6 19. Be4 Bf5 20. Qe3
Kf7 21. Bf3 Qh8 22. g4 Rg8 23. Rfe1 Rxh6 24. Kf1 Bxg4 25. Bxg4 Rxg4 26. Ke2
Rxh2 27. Rf1 Nf5 28. Qf3 Rf4 29. Qxc6 Ng3+ 30. Ke3 Nxf1+ 31. Rxf1 Qh3+ 32. f3
Qe6 33. Rg1 Rh7 34. Qa8 Ke7 35. Rg8 Qd7 36. Rb8 Ke6 37. Rd8 Qb7 38. Re8+ Kf5
39. Rxe5+ dxe5 0-1

[Event "Westland (SEMO Res/3/27)"]
[Site "?"]
[Date "1985.??.??"]
[Round "?"]
[White "Fuson, J.."]
[Black "Steury, M.."]
[Result "1/2-1/2"]
[WhiteElo "1605"]
[BlackElo "1685"]
[PlyCount "148"]
[EventDate "1985.??.??"]

{3/(27)} 1. e4 e6 2. d4 d5 3. exd5 exd5 4. Nf3 Bg4 5. Be2 Nc6 6. O-O Bd6 7. Re1
Nge7 8. Nc3 a6 9. h3 Bf5 10. Nxd5 O-O 11. Nxe7+ Bxe7 12. c3 Bd6 13. Qb3 Na5 14.
Qa4 Nc6 15. Kh1 b5 16. Qb3 Qd7 17. Nh4 Bxh3 18. Bf3 Na5 19. Qd5 Rad8 20. Bg5
Be6 21. Qe4 Rde8 22. Qd3 Bc4 23. Qf5 Be6 24. Qd3 c6 25. d5 cxd5 26. Bxd5 Bc7
27. Red1 Qd6 28. g3 Qe5 29. Bf4 Qxd5+ 30. Qxd5 Bxd5+ 31. Rxd5 Bxf4 32. gxf4 Re2
33. Rd6 Rxb2 34. Rxa6 Nc4 35. a4 bxa4 36. R1xa4 Nb6 37. Rb4 Rxb4 38. cxb4 Nd5
39. b5 Rb8 40. Nf5 Nc7 41. Ra4 Rxb5 42. Rc4 Rxf5 43. Rxc7 g6 44. Rc4 h5 45. Kg2
Kg7 46. Kg3 Rb5 47. f3 Ra5 48. Kh4 Ra3 49. Kg3 Ra1 50. Rb4 Rg1+ 51. Kf2 Rc1 52.
Kg3 Rc6 53. Rd4 Rf6 54. Rb4 Rf5 55. Rc4 Kf6 56. Rc6+ Ke7 57. Rc7+ Kd6 58. Rc4
Kd5 59. Re4 Rf6 60. Kh4 Re6 61. Ra4 Rc6 62. Rb4 Rc4 63. Rxc4 Kxc4 64. Kg5 Kd4
65. f5 gxf5 66. Kxf5 Ke3 67. Kg5 Kxf3 68. Kxh5 f5 69. Kh4 f4 70. Kh3 Ke2 71.
Kg2 f3+ 72. Kh2 f2 73. Kg3 f1=Q 74. Kh2 Kf3 1/2-1/2

[Event "Westland (SEMO Res/2/24)"]
[Site "?"]
[Date "1985.??.??"]
[Round "?"]
[White "Fuson, J.."]
[Black "Malumphy, Joseph"]
[Result "1/2-1/2"]
[WhiteElo "1605"]
[BlackElo "1725"]
[PlyCount "70"]
[EventDate "1985.??.??"]

{2/(24)} 1. e4 d6 2. d4 Nf6 3. Nc3 g6 4. Nf3 Bg7 5. Bc4 O-O 6. O-O Bg4 7. h3
Bd7 8. e5 Ne8 9. Re1 e6 10. Bg5 Qc8 11. Be7 d5 12. Bxf8 Bxf8 13. Bd3 c5 14. Bb5
Nc6 15. dxc5 Bxc5 16. Qd2 Ng7 17. Qh6 Nf5 18. Qf4 Qd8 19. g4 Nh4 20. Bxc6 Bxc6
21. Qg3 Nxf3+ 22. Qxf3 Qh4 23. Ne2 Rf8 24. Qg3 Qg5 25. Qf4 Qh4 26. Qg3 Qg5 27.
h4 Qd8 28. c3 Be7 29. g5 h6 30. Qh3 hxg5 31. h5 gxh5 32. Qxh5 Kg7 33. Nd4 Rh8
34. Qg4 Rh4 35. Qg3 Qh8 1/2-1/2

[Event "Westland (SEMO Res/1b/16)"]
[Site "?"]
[Date "1985.??.??"]
[Round "?"]
[White "Fulton, G.."]
[Black "Clark, K.."]
[Result "0-1"]
[WhiteElo "1605"]
[BlackElo "1710"]
[PlyCount "78"]
[EventDate "1985.??.??"]

1. d4 Nf6 2. Nf3 d5 3. c4 e6 4. Bg5 Nbd7 5. Nc3 c6 6. e4 dxe4 7. Nxe4 Qa5+ 8.
Ned2 Ne4 9. Be3 Bb4 10. a3 Nxd2 11. axb4 Nxf3+ 12. gxf3 Qxb4+ 13. Qd2 Qxd2+ 14.
Bxd2 b6 15. Bc3 Bb7 16. Rg1 Rg8 17. b4 c5 18. dxc5 bxc5 19. Rxg7 Rxg7 20. Bxg7
cxb4 21. Be2 a5 22. Rb1 e5 23. Rc1 a4 24. c5 Bc6 25. Bd3 a3 26. Bf5 b3 27.
Bxd7+ Kxd7 28. Bxe5 b2 29. Rb1 Bxf3 30. Bxb2 axb2 31. Rxb2 Kc6 32. Rb3 Bh5 33.
Rc3 Ra1+ 34. Kd2 Rd1+ 35. Kc2 Rf1 36. Kb3 Rxf2 37. Kb4 Rxh2 38. Rd3 Rb2+ 39.
Kc3 Rb5 0-1

[Event "Westland (SEMO Res/4/32)"]
[Site "?"]
[Date "1985.??.??"]
[Round "?"]
[White "Fulton, G.."]
[Black "Bachmayer, C.."]
[Result "0-1"]
[WhiteElo "1605"]
[BlackElo "1765"]
[PlyCount "66"]
[EventDate "1985.??.??"]

{4/(32)} 1. d4 Nf6 2. Nc3 g6 3. e4 d6 4. Nf3 Bg7 5. e5 dxe5 6. Nxe5 Nbd7 7.
Nxd7 Bxd7 8. Bd3 Bc6 9. Bb5 Bxb5 10. Nxb5 c6 11. Nc3 O-O 12. Be3 Nd5 13. Nxd5
Qxd5 14. f3 Rad8 15. Qd3 Bxd4 16. Bxd4 Qxd4 17. O-O-O Qf4+ 18. Kb1 Rxd3 19.
Rxd3 e6 20. a3 b6 21. g3 Qa4 22. Re1 c5 23. Re4 Qc6 24. Rc3 Rd8 25. Re1 Rd2 26.
h3 Qd5 27. Kc1 b5 28. Rxc5 Qxc5 29. Kxd2 Qf2+ 30. Kd1 Qxf3+ 31. Kc1 Qxg3 32.
Rd1 Qxh3 33. Kb1 a5 0-1

[Event "East Detroit (MCO/6/21)"]
[Site "?"]
[Date "1985.??.??"]
[Round "?"]
[White "Franke, R.."]
[Black "McNeilly, A.."]
[Result "0-1"]
[WhiteElo "1905"]
[BlackElo "1670"]
[PlyCount "84"]
[EventDate "1985.??.??"]

{6/(21)} 1. d4 Nf6 2. c4 e6 3. Nc3 Bb4 4. e3 c5 5. Bd3 d5 6. a3 Bxc3+ 7. bxc3
dxc4 8. Bxc4 O-O 9. Nf3 Qc7 10. Qc2 b6 11. O-O Bb7 12. Ng5 Qc6 13. f3 cxd4 14.
cxd4 Rc8 15. Bb2 Qxc4 16. Qf2 Qc2 17. Rac1 Qxf2+ 18. Kxf2 Nbd7 19. e4 Rxc1 20.
Rxc1 Rc8 21. Ke3 Rxc1 22. Bxc1 b5 23. Nh3 Nb6 24. Nf2 Kf8 25. Nd3 Nfd7 26. Kd2
Ke7 27. Kc3 a5 28. Bf4 f5 29. exf5 Nd5+ 30. Kb3 Nxf4 31. Nxf4 exf5 32. Kc3 Nb6
33. Nd3 Nd5+ 34. Kd2 b4 35. axb4 a4 36. b5 a3 37. Kc1 Kd7 38. Nc5+ Kc8 39. Ne6
Ne3 40. Nxg7 a2 41. Kb2 Bd5 42. Nh5 Nc2 0-1

[Event "East Detroit (MCO/4/23)"]
[Site "?"]
[Date "1985.??.??"]
[Round "?"]
[White "Franke, R.."]
[Black "Khan, N.."]
[Result "1-0"]
[WhiteElo "1905"]
[BlackElo "1605"]
[PlyCount "122"]
[EventDate "1985.??.??"]

{4/(23)} 1. d4 d5 2. c4 e6 3. Nc3 Nf6 4. Nf3 Bb4 5. a3 Bxc3+ 6. bxc3 Nc6 7. e3
Bd7 8. Bd3 O-O 9. O-O Ne4 10. Qc2 Nf6 11. cxd5 exd5 12. c4 Be6 13. Ng5 h6 14.
Nxe6 fxe6 15. Bb2 Qd7 16. Rac1 b6 17. cxd5 Nd8 18. dxe6 Nxe6 19. Bf5 Rac8 20.
Qc4 Kf7 21. e4 g6 22. Bxe6+ Qxe6 23. Qxe6+ Kxe6 24. d5+ Kd7 25. f3 c6 26. dxc6+
Rxc6 27. Rfd1+ Rd6 28. Rxd6+ Kxd6 29. a4 Kd7 30. Ba3 Rc8 31. Rxc8 Kxc8 32. Kf2
Kd7 33. Ke3 Ke6 34. Kd4 a6 35. Bc1 Nd7 36. Ba3 Nb8 37. f4 Nc6+ 38. Kd3 Kf6 39.
Bb2+ Ke6 40. Bc3 Nb8 41. Kc4 Nd7 42. Bd4 Kd6 43. g4 Kc6 44. f5 h5 45. h3 hxg4
46. hxg4 b5+ 47. axb5+ axb5+ 48. Kb4 gxf5 49. gxf5 Kd6 50. Kxb5 Nf8 51. Bc5+
Ke5 52. Bxf8 Kxe4 53. f6 Kf5 54. Bg7 Kg6 55. Kc6 Kf7 56. Kd6 Kg8 57. Ke7 Kh7
58. Kf8 Kg6 59. Kg8 Kf5 60. f7 Ke6 61. f8=Q Kd7 1-0

[Event "East Detroit (MCO/2/3)"]
[Site "?"]
[Date "1985.??.??"]
[Round "?"]
[White "Franke, R.."]
[Black "Formanek, E.."]
[Result "0-1"]
[WhiteElo "1905"]
[BlackElo "2455"]
[PlyCount "70"]
[EventDate "1985.??.??"]

{2/(3)} 1. d4 Nf6 2. c4 e6 3. Nc3 Bb4 4. e3 c5 5. Nf3 Nc6 6. Bd3 Bxc3+ 7. bxc3
d6 8. e4 e5 9. d5 Ne7 10. h3 h6 11. O-O g5 12. Nh2 Ng6 13. Bc2 Nf4 14. Ba4+ Ke7
15. Bc2 h5 16. Be3 Bd7 17. Rb1 Qc7 18. Qd2 Rag8 19. Kh1 Nh7 20. Bd1 Bc8 21. Rg1
Kf8 22. Rb2 Qe7 23. Be2 Qf6 24. Rbb1 g4 25. h4 Nxe2 26. Qxe2 Qxh4 27. g3 Qf6
28. f4 gxf3 29. Nxf3 Qg6 30. Bd2 Qg4 31. Rbe1 Nf6 32. Nh2 Qxe2 33. Rxe2 b6 34.
Re3 Ba6 35. Rf1 Ke7 $138 0-1

[Event "East Lansing (MI Op/2/1)"]
[Site "?"]
[Date "1985.??.??"]
[Round "?"]
[White "Forte, Joe"]
[Black "Poschel, Paul"]
[Result "0-1"]
[WhiteElo "2035"]
[BlackElo "2320"]
[PlyCount "74"]
[EventDate "1985.??.??"]

{2/(1)} 1. d4 d5 2. c4 dxc4 3. Nc3 e5 4. d5 Nf6 5. e4 c6 6. Bxc4 Bb4 7. Bg5 h6
8. Bh4 g5 9. Bg3 Nxe4 10. Qf3 Bxc3+ 11. bxc3 cxd5 12. Rd1 Be6 13. Bxe5 O-O 14.
Ne2 Nc6 15. Bg3 Qa5 16. Bb3 Kg7 17. O-O Rad8 18. h4 f5 19. Nd4 Nxd4 20. cxd4 f4
21. Bh2 Qc7 22. Rfe1 Qd7 23. Qe2 Bf5 24. f3 Nf6 25. g3 gxh4 26. gxh4 Rde8 27.
Qf2 Nh5 28. Kh1 Kh7 29. Qd2 Qd6 30. Bc2 Qf6 31. Bxf5+ Qxf5 32. Rg1 Rg8 33. Rc1
Rxg1+ 34. Rxg1 Rg8 35. Rg2 Ng3+ 36. Kg1 Qb1+ 37. Kf2 Qf1# 0-1

[Event "East Lansing (MI Op/4/13)"]
[Site "?"]
[Date "1985.??.??"]
[Round "?"]
[White "Forte, Joe"]
[Black "Gipson, John"]
[Result "0-1"]
[WhiteElo "2035"]
[BlackElo "1920"]
[PlyCount "92"]
[EventDate "1985.??.??"]

{4/(13)} 1. d4 e6 2. e4 d5 3. Nc3 Nf6 4. e5 Nfd7 5. Qg4 a6 6. f4 c5 7. Nf3 Nc6
8. Ne2 Nb4 9. Kd1 Qb6 10. dxc5 Nxc5 11. Ned4 Bd7 12. a3 Nc6 13. b4 Ne4 14. Be3
Nxd4 15. Nxd4 a5 16. Qf3 Qc7 17. Nb5 Nc3+ 18. Nxc3 Qxc3 19. Rb1 axb4 20. axb4
Bxb4 21. Bd3 Ra1 22. Ke2 Ra2 23. Rhd1 Qa3 24. Kf1 Bc6 25. Bd4 Bc5 26. Rb3 Qa7
27. Bxc5 Qxc5 28. Rdb1 O-O 29. Qh3 g6 30. g4 Rfa8 31. f5 Qd4 32. Qg3 Ra1 33. f6
Rxb1+ 34. Rxb1 Ra4 35. h3 Qc5 36. Qe1 d4 37. Be4 Bb5+ 38. Bd3 Bxd3+ 39. cxd3
Qc6 40. Kg1 Ra2 41. Qg3 b5 42. Rf1 b4 43. Rf2 b3 44. Qf4 Qc5 45. Qf3 b2 46.
Rxb2 Rxb2 0-1

[Event "East Detroit (MCO/1/19)"]
[Site "?"]
[Date "1985.??.??"]
[Round "?"]
[White "Forte, Joe"]
[Black "Dinda, B.."]
[Result "1/2-1/2"]
[WhiteElo "2035"]
[BlackElo "1605"]
[PlyCount "74"]
[EventDate "1985.??.??"]

{1/(19)} 1. d4 d5 2. c4 dxc4 3. Nc3 c6 4. e4 b5 5. a3 Bb7 6. Nf3 Nf6 7. Be2 e6
8. O-O Be7 9. Bf4 Nbd7 10. Qc2 Nh5 11. Be3 g6 12. Rfd1 a6 13. e5 Nb6 14. Ne4
Nd5 15. Bh6 Qc7 16. Bg5 Bxg5 17. Nd6+ Ke7 18. Nxg5 f6 19. Ngf7 Rhf8 20. Bxh5
Rxf7 21. Nxf7 Kxf7 22. Bf3 fxe5 23. dxe5 Qxe5 24. Re1 Qf6 25. Rad1 Rd8 26. Bg4
Bc8 27. Qe4 h5 28. Bh3 Rf8 29. Rd2 c3 30. bxc3 Nxc3 31. Qxc6 Nd5 32. Rxd5 exd5
33. Qxd5+ Kg7 34. Qc5 Bxh3 35. gxh3 Rf7 36. Re8 Qf3 37. Qe5+ Qf6 1/2-1/2

[Event "East Detroit (MCO/4/45)"]
[Site "?"]
[Date "1985.??.??"]
[Round "?"]
[White "Forte, Joe"]
[Black "Allen, L.."]
[Result "1-0"]
[WhiteElo "2035"]
[BlackElo "1605"]
[PlyCount "45"]
[EventDate "1985.??.??"]

{4/(45)} 1. c4 Nf6 2. d4 e6 3. Nc3 d5 4. Nf3 c6 5. e3 Bb4 6. cxd5 cxd5 7. Nd2
O-O 8. Bd3 Nbd7 9. O-O Bd6 10. Nf3 a6 11. e4 dxe4 12. Nxe4 Nxe4 13. Bxe4 Nf6
14. Bd3 b5 15. Bg5 Bb7 16. Rc1 Be7 17. Bb1 Bxf3 18. Qxf3 Qxd4 19. Rc7 Rfe8 20.
Rxe7 Rxe7 21. Qxa8+ Re8 22. Bxf6 Qxf6 23. Qxe8# 1-0